Principles of Economics
Uloženo v:
| Hlavní autor: | |
|---|---|
| Médium: | Kniha |
| Jazyk: | angličtina |
| Vydáno: |
South-Western Cengage Learning
2012
|
| Vydání: | 6a. ed |
| Témata: | |
| Tagy: |
Přidat tag
Žádné tagy, Buďte první, kdo vytvoří štítek k tomuto záznamu!
|
MARC
| LEADER | 00000cam a2200000 a 4500 | ||
|---|---|---|---|
| 001 | UCE0911 | ||
| 003 | CL-VaPUC | ||
| 008 | 140317e20120000us |||||||||||||||||eng|d | ||
| 020 | |a 9780538453059 | ||
| 082 | 0 | 4 | |a 330 |b MAN |2 21 |
| 100 | |a Mankiw, N. Gregory |e autor |9 861929 | ||
| 245 | 1 | 0 | |a Principles of Economics |
| 250 | |a 6a. ed | ||
| 300 | |a 856 p | ||
| 942 | |c BK | ||
| 945 | |d 20140317 10:17:00 |a dcastane | ||
| 260 | |b South-Western Cengage Learning |c 2012 | ||
| 650 | 0 | |a Economía |9 255568 | |
| 650 | 7 | |a COMERCIO INTERNACIONAL |2 CL-VaPUC |9 573310 | |
| 650 | 0 | |a Producción |9 263680 | |
| 650 | 0 | |a Oferta y demanda |9 255571 | |
| 650 | 0 | |a Macroeconomía |9 260301 | |
| 650 | 7 | |a SISTEMAS MONETARIOS |2 CL-VaPUC |9 342366 | |
| 583 | |a last modification |c 20140317 10:17:00 |k Rodrigo Vera | ||
| 999 | |c 354915 |d 354913 | ||
| 952 | |0 0 |1 0 |3 erd |4 0 |6 330_000000000000000_MAN_2012 |7 0 |8 A |9 461140 |a BIBALI |b BIBALI |c GEN |i 5060761 |l 6 |m 4 |o 330 MAN 2012 |p 5060761 |q 2025-07-31 |r 2023-07-12 |s 2023-07-12 |w 2019-11-23 |y BK |z Catalogado en:20140317 |k ALI | ||